| 000 | 00615nam a2200193Ia 4500 | ||
|---|---|---|---|
| 008 | 160105s9999 xx 000 0 und d | ||
| 041 | _afre | ||
| 245 | _aLe métier d'agriculture et l'agriculture nouvelle | ||
| 260 | _aParis | ||
| 260 | _bEditions ouvrières | ||
| 260 | _c1968 | ||
| 300 | _bill. en noir | ||
| 490 | _aCollection économie humaine | ||
| 500 | _aCote d'origine affectée par la BC : BC_548 22 devient ER_576 | ||
| 654 | _xAGRICULTEUR/AGRICULTURE/DEVELOPPEMENT AGRICOLE/MECANISATION/COMMERCE/MATERIEL/PRODUCTION/POLITIQUE AGRICOLE | ||
| 942 | _c09 | ||
| 994 | _a112839 | ||
| 999 |
_c12647 _d40645 |
||